LEADER 01096nam a2200241 u 4500 001 000000120554 003 CaOOAMICUS 005 20100305132641.0 008 100305s1968 it a u000 u ita r 040 $aPUL$bita$dMCT 100 1 $aVernazza, Battista,$ccanonichessa reg. Lat,$d1497-1587.$0(OLS)http://pul/name/75399 245 10$aCommento al "Pater Noster" /$cdi Donna Battista Vernazza da Genova (1497-1587) ; presentazione di don Giorgio Idamo Scatena. 260 $aRoma :$bColetti,$c1968. 300 $a167, 248 p. :$bill. ;$c22 cm 500 $aRipr. facs. dell'ed. di Venezia, Francesco Ziletti, 1588. 504 $aBibliografia in nota. 630 04$aPater noster.$0(OLS)http://pul/subject/2132 700 1 $aScatena, Giorgio Idamo,$ccan. reg. Lat.$0(OLS)http://pul/name/75423 850 $aPUL 852 $aPUL$W1$xDP1 Religione 1$y20$m579 D 39$j138183$qStampati$B137395$CPULBib$Z2$F137395 $H38206 $82 941 1 $a8 996 $6245$aCommento al "Pater Noster"$9(OLS)http://pul/title/151600 996 $6260$aRoma :$bColetti$9(OLS)http://pul/publisher/47921 LEADER 01149naa a2200253 u 4500 001 000000094048 003 CaOOAMICUS 005 20070226130136.0 008 010725m19891992fr u000 u eng u 035 $a10898530 040 $aPUL(R)$bita 100 1 $aShapira, Amos,$d1937-$0(OLS)http://pul/name/60482 245 10$aPrivate international law :$baspects of child custody and child kidnapping cases /$cby Amos Shapira. 260 $a[S. l. :$bs. n.],$c1989-1992. 300 $aP. [127-250] 504 $aBibliografia in nota. 650 4$aDiritto internazionale privato.$0(OLS)http://pul/subject/2921 650 4$aDiritto internazionale penale.$0(OLS)http://pul/subject/25948 650 4$aAdozione e affiliazione.$0(OLS)http://pul/subject/13625 650 4$aInfanzia.$0(OLS)http://pul/subject/2967 773 0 $tRecueil des cours$gv.II (1989) 773 0 $tRecueil des cours 1989 : collected courses of The Hague Academy of International Law$w()60529 996 $6245$aPrivate international law :$baspects of child custody and child kidnapping cases$9(OLS)http://pul/title/120904 996 $6260$a[S. l. :$bs. n.]$9(OLS)http://pul/publisher/47882